[Event "Ch Argentina"]
[Site "masterchessopen.com – Caseros (Argentina)"]
[Round "13"]
[White "Aparicio Anibal (ARG)"]
[Black "Castillo Castelan Miguel (MEX)"]
[Result "1-0"]
[WhiteElo "2241"]
[BlackElo "2043"]

1.e4 c5 2.Nf3 Nc6 3.d4 cxd4 4.Nxd4 Nf6 5.Nc3 d6 6.Bg5 e6 7.Qd2 a6 8.O-O-O Bd7
9.f4 Be7 10.Nb3 b5 11.Be2 Na5 12.Bxf6 gxf6 13.f5 h5 14.fxe6 fxe6 15.Qd3 b4
16.Qg3 Bc6 17.Qg7 Nxb3+ 18.axb3 Kd7 19.Rxd6+ Kxd6 20.Rd1+ Bd5 21.Nxd5 exd5
22.Rxd5+ Ke6 23.Bc4 Qxd5 24.Bxd5+ Kd6 25.Qg3+ Kd7 26.Qh3+ Kc7 27.Qe6 Bd6
28.Qf7+ Kb6 29.Bxa8 Rxa8 30.Qxf6 Kc7 31.Qf7+ Kb6 32.e5 Bc5 33.Qxh5 Rf8 34.Qg6+
Kb5 35.h4 Bd4 36.Qd3+ {#r} 1-0

[Event "Olympiad"]
[Site "masterchessopen.com – Nice (France)"]
[Round "0"]
[White "Byrne Robert E (USA)"]
[Black "Padevsky Nikola (BUL)"]
[Result "0-1"]
[WhiteElo "2595"]
[BlackElo "2480"]

1.e4 c5 2.Nf3 d6 3.d4 cxd4 4.Nxd4 Nf6 5.Nc3 Nc6 6.Bg5 a6 7.Qd2 Bd7 8.O-O-O e6
9.f4 Be7 10.Be2 h6 11.Bh4 Qc7 12.Bg3 Nxd4 13.Qxd4 Bc6 14.e5 dxe5 15.fxe5 Nd7
16.Ne4 Qa5 17.Nd6+ Bxd6 18.exd6 Qxa2 19.Qxg7 Qa1+ 20.Kd2 Qa5+ 21.Kc1 Qa1+
22.Kd2 Qa5+ 23.Kc1 Qa1+ {#R} 0-1

[Event "It (juniors) (under 20)"]
[Site "masterchessopen.com – Winterthur (Switzerland)"]
[Round "3"]
[White "Carlier Bruno (NED)"]
[Black "Schoch Heinz (SUI)"]
[Result "0-1"]
[WhiteElo "2380"]
[BlackElo "2142"]

1.e4 c5 2.Nf3 d6 3.d4 cxd4 4.Nxd4 Nf6 5.Nc3 Nc6 6.Bg5 e6 7.Qd2 a6 8.O-O-O Bd7
9.f4 Be7 10.Nf3 b5 11.Qe1 b4 12.Nd5 exd5 13.exd5 O-O 14.dxc6 Bxc6 15.Nd4 Bd7
16.Bd3 Re8 17.Qg3 Qa5 18.Kb1 d5 19.Rhe1 Qb6 20.Nf5 Bxf5 21.Bxf5 g6 22.Bd7 Ne4
23.Qb3 Bxg5 24.Bxe8 Rxe8 25.Qxd5 Bf6 26.Rxe4 Rd8 27.Qxd8+ Bxd8 28.Re8+ Kg7
29.Rexd8 a5 30.b3 Qf2 31.R8d5 Qxg2 32.Rxa5 Qxh2 33.a4 bxa3 34.Rxa3 Qxf4 35.Ra2
h5 36.c4 Qf3 37.Kc2 h4 38.b4 Qe2+ {#R} 0-1

[Event "Ch Bulgaria"]
[Site "masterchessopen.com – Bulgaria"]
[Round "12"]
[White "Orev Petar (BUL)"]
[Black "Donchev Dimitar I (BUL)"]
[Result "1-0"]
[WhiteElo "2204"]
[BlackElo "2436"]

1.e4 c5 2.Nf3 d6 3.d4 cxd4 4.Nxd4 Nf6 5.Nc3 Nc6 6.Bg5 e6 7.Qd2 Be7 8.O-O-O a6
9.f4 Bd7 10.Bxf6 Bxf6 11.Nf3 Be7 12.h4 b5 13.e5 d5 14.f5 Na5 15.Qf4 Nc4 16.Ng5
O-O 17.Bd3 Qc7 18.fxe6 Bxe6 19.Nxd5 Bxd5 20.Bxh7+ Kh8 21.Rxd5 Bc5 22.Qf3 Rfd8
23.Qh5 Rxd5 24.Bg6+ {#r} 1-0

[Event "?"]
[Site "masterchessopen.com – Lone Pine (USA)"]
[Round "0"]
[White "Karklins Andrew (USA)"]
[Black "Parr David (ENG)"]
[Result "1-0"]
[WhiteElo "2205"]
[BlackElo "2007"]

1.e4 c5 2.Nf3 Nc6 3.d4 cxd4 4.Nxd4 Nf6 5.Nc3 d6 6.Bg5 e6 7.Qd2 a6 8.O-O-O Bd7
9.f4 Be7 10.Nf3 b5 11.Bd3 b4 12.Ne2 O-O 13.Ng3 Qa5 14.Kb1 h6 15.Bh4 Rfb8
16.Rhe1 Qc5 17.Bxf6 Bxf6 18.e5 dxe5 19.Ne4 Qe7 20.Nxf6+ Qxf6 21.fxe5 Qe7 22.g4
a5 23.g5 a4 24.gxh6 b3 25.cxb3 axb3 26.a3 Nb4 27.Rg1 Nxd3 28.Rxg7+ Kf8 29.Rdg1
{#r} 1-0

[Event "?"]
[Site "masterchessopen.com – Helsinki (Finland)"]
[Round "12"]
[White "Aijala Jouko (FIN)"]
[Black "Poutiainen Pertti (FIN)"]
[Result "0-1"]
[WhiteElo "2133"]
[BlackElo "2425"]

1.e4 c5 2.Nf3 d6 3.d4 Nf6 4.Nc3 cxd4 5.Nxd4 Nc6 6.Bg5 e6 7.Qd2 a6 8.O-O-O Bd7
9.f4 Be7 10.Nf3 b5 11.e5 b4 12.exf6 bxc3 13.Qxc3 gxf6 14.Rxd6 Bxd6 15.Bxf6 Bb4
{#R} 0-1

[Event "It (b)"]
[Site "masterchessopen.com – Lublin (Poland)"]
[Round "11"]
[White "Urzica Aurel (ROM)"]
[Black "Kunsztowicz Uwe (GER)"]
[Result "1-0"]
[WhiteElo "2402"]
[BlackElo "2234"]

1.e4 c5 2.Nf3 d6 3.d4 cxd4 4.Nxd4 Nf6 5.Nc3 Nc6 6.Bg5 e6 7.Qd2 a6 8.O-O-O Bd7
9.f4 Be7 10.Qe1 Qc7 11.Nf3 Rc8 12.e5 dxe5 13.fxe5 Nd5 14.Nxd5 exd5 15.Bxe7
Nxe7 16.Bd3 Bf5 17.Bxf5 Nxf5 18.c3 Qc4 19.e6 O-O 20.Qe5 Ne7 21.exf7+ Rxf7
22.Rhe1 Qxa2 23.Ng5 Qa1+ 24.Kc2 Rf2+ 25.Kd3 Qa4 26.Qe6+ Kh8 27.Nf7+ Kg8
28.Nd6+ Kh8 29.Rd2 Rcf8 30.Qxe7 R2f4 31.Re5 h6 32.Rxd5 Qa2 33.Rd4 Qb1+ 34.Kc4
Qa2+ 35.Kb4 a5+ 36.Kc5 R4f6 37.Rg4 Qg8 38.c4 b5 39.Kxb5 Rb8+ 40.Ka4 {#r} 1-0

[Event "Ch Great Britain"]
[Site "masterchessopen.com – Brighton (England)"]
[Round "11"]
[White "Cubitt C (ENG)"]
[Black "Bellin Robert (ENG)"]
[Result "1-0"]
[WhiteElo "2340"]
[BlackElo "2400"]

1.e4 c5 2.Nf3 d6 3.d4 cxd4 4.Nxd4 Nf6 5.Nc3 Nc6 6.Bg5 e6 7.Qd2 a6 8.O-O-O Bd7
9.f4 Be7 10.Nb3 b5 11.Bxf6 gxf6 12.Ne2 Qb6 13.Ned4 b4 14.Be2 Rb8 15.Kb1 h5
16.Rhe1 Rd8 17.Bc4 Rc8 18.Qd3 a5 19.Bb5 Nd8 20.f5 a4 21.Bxd7+ Kxd7 22.Nd2 e5
23.N4f3 Qc6 24.Nf1 Nb7 25.Ne3 a3 26.Nd5 Nc5 27.Qe3 Rb8 28.b3 Rhc8 29.Re2 Rb7
30.Red2 Rd8 31.Ne1 Kc8 32.Nd3 Nxd3 33.Rxd3 Kb8 34.c4 Bf8 35.Nxf6 Bg7 36.Nd5 f6
37.Qh3 Rh8 38.Qh4 Qc5 39.R3d2 Bh6 40.Qxf6 Rhh7 {#r} 1-0

[Event "It"]
[Site "masterchessopen.com – Sochi (Russia)"]
[Round "0"]
[White "Tal Mikhail N (LAT)"]
[Black "Spassov Liuben (BUL)"]
[Result "1-0"]
[WhiteElo "2620"]
[BlackElo "2480"]

1.e4 c5 2.Nf3 d6 3.d4 cxd4 4.Nxd4 Nf6 5.Nc3 Nc6 6.Bg5 e6 7.Qd2 a6 8.O-O-O Bd7
9.f4 Be7 10.Be2 O-O 11.Nf3 Ne8 12.Bxe7 Nxe7 13.e5 d5 14.Bd3 Qc7 15.g4 f6
16.Rhe1 fxe5 17.Nxe5 Rd8 18.Qf2 Bc8 19.Qh4 g6 20.Qg3 Nc6 21.f5 d4 22.Nxc6 Qxc6
23.Ne2 exf5 24.gxf5 Qd6 25.fxg6 hxg6 26.Qxg6+ Qxg6 27.Bxg6 Rf2 28.Nxd4 Nf6
29.Re2 Rf4 30.Ne6 Rxd1+ 31.Kxd1 Rb4 32.Kc1 Nd5 33.Bf5 Nf4 34.Nxf4 Bxf5 35.Nd5
{#r} 1-0

[Event "It"]
[Site "masterchessopen.com – Karlovac (Slovenia)"]
[Date "1977.09.12"]
[Round "1"]
[White "Krpanec Zeljko (CRO)"]
[Black "Bukal Vladimir (CRO)"]
[Result "1-0"]
[WhiteElo "2027"]
[BlackElo "2403"]

1.e4 c5 2.Nf3 d6 3.d4 cxd4 4.Nxd4 Nf6 5.Nc3 Nc6 6.Bg5 e6 7.Qd2 a6 8.O-O-O Bd7
9.f4 Be7 10.Nf3 b5 11.e5 b4 12.exf6 bxc3 13.Qxc3 gxf6 14.Bh4 a5 15.a3 Rc8
16.Qd2 Qc7 17.Bd3 d5 18.Rhe1 Rb8 19.Bf1 O-O 20.Re3 Rfc8 21.Ne1 Kh8 22.f5 e5
23.Qxd5 Bxf5 24.Qxf7 Rf8 25.Bxf6+ {#r} 1-0

[Event "It"]
[Site "masterchessopen.com – Bogota (Colombia)"]
[Round "0"]
[White "Acosta Alejandro (COL)"]
[Black "Cuellar Gacharna Miguel (COL)"]
[Result "0-1"]
[WhiteElo "2312"]
[BlackElo "2280"]

1.e4 c5 2.Nf3 Nc6 3.d4 cxd4 4.Nxd4 Nf6 5.Nc3 d6 6.Bg5 e6 7.Qd2 a6 8.O-O-O Bd7
9.f4 Be7 10.Nf3 b5 11.e5 b4 12.exf6 bxc3 13.Qxc3 gxf6 14.Bh4 a5 15.Kb1 Nb4
16.Bd3 Rc8 17.Qd2 Qb6 18.Bf2 Qb7 19.Rhe1 Bc6 20.Nd4 Nxd3 21.Qxd3 Bxg2 22.Nb5
d5 23.Nc3 f5 24.Bd4 Rg8 25.Rg1 Rg6 26.Qe2 Be4 27.Qh5 Bf6 28.Bxf6 Rxf6 29.Rg8+
Ke7 30.Rxc8 Qxc8 31.Qxh7 Rg6 32.Qh4+ Kd7 33.Nxe4 fxe4 34.f5 exf5 35.Rxd5+ Ke6
36.Rd1 Rg2 37.Rc1 Qd7 38.Qh6+ f6 39.Qh3 Rd2 40.Qb3+ Ke7 41.Qg3 Qd6 42.Qg7+ Ke6
43.h4 e3 44.Qg1 Qd5 45.h5 e2 46.Qg8+ Ke5 47.h6 Kf4 {#R} 0-1

[Event "?"]
[Site "masterchessopen.com – Hamilton (Scotland)"]
[Round "0"]
[White "Sax Gyula (HUN)"]
[Black "Ivanovic Bozidar (MNE)"]
[Result "1-0"]
[WhiteElo "2550"]
[BlackElo "2460"]

1.e4 c5 2.Nf3 Nc6 3.d4 cxd4 4.Nxd4 Nf6 5.Nc3 d6 6.Bg5 e6 7.Qd2 a6 8.O-O-O Bd7
9.f4 Be7 10.f5 Nxd4 11.Qxd4 Qa5 12.Bc4 O-O 13.g4 b5 14.Bb3 b4 15.Ne2 e5 16.Qg1
Rac8 17.Bxf6 gxf6 18.g5 fxg5 19.Rxd6 Qd8 20.Rd3 Kh8 21.Qg4 Qe8 22.h4 Rg8
23.hxg5 Bxg5+ 24.Kb1 h6 25.Qh5 Kg7 26.Rg1 Rc6 27.Ba4 f6 28.Qxe8 Bxe8 29.Rd8
Bh5 30.Ng3 Rxd8 31.Nxh5+ Kf7 32.Bxc6 Rd2 33.Bd5+ Ke7 34.Rh1 a5 35.a3 bxa3
36.bxa3 Kd6 37.Ng7 Rg2 38.Ne6 Be3 39.Nd8 Kc5 40.Nf7 Kd4 41.Nxh6 Kc3 42.Bb3 Kd4
43.Rd1+ {#r} 1-0

[Event "Ch Yugoslavia"]
[Site "masterchessopen.com – Belgrade (Yugoslavia)"]
[Date "1978.01.23"]
[Round "4"]
[White "Matulovic Milan (SRB)"]
[Black "Ivanovic Bozidar (MNE)"]
[Result "0-1"]
[WhiteElo "2394"]
[BlackElo "2460"]

1.e4 c5 2.Nf3 Nc6 3.d4 cxd4 4.Nxd4 Nf6 5.Nc3 d6 6.Bg5 e6 7.Qd2 a6 8.O-O-O Bd7
9.f4 Be7 10.Nb3 b5 11.Bxf6 gxf6 12.g3 Qb6 13.Bh3 O-O-O 14.f5 Kb8 15.fxe6 fxe6
16.Ne2 Ne5 17.Nbd4 Nc4 18.Qd3 f5 19.exf5 e5 20.Ne6 Rc8 21.Kb1 Bc6 22.Nc3 Qa5
23.Rhe1 Qb4 24.b3 Bb7 25.f6 Bxf6 26.Ne4 Na3+ 27.Kb2 Rxc2+ 28.Ka1 Rxh2 29.Nxf6
Nc4 30.Nd7+ Ka7 31.Nxe5 dxe5 32.Nc5 Rxa2+ 33.Kb1 Rb2+ 34.Kc1 Qa3 35.Bf5 {#R}
0-1

[Event "Ch DDR (w)"]
[Site "masterchessopen.com – Suhl (Germany)"]
[Round "9"]
[White "Hobusch Cornelia (GER)"]
[Black "Jahn Constanze (GER)"]
[Result "1-0"]
[WhiteElo "2100"]
[BlackElo "2139"]

1.e4 c5 2.Nf3 Nc6 3.d4 cxd4 4.Nxd4 Nf6 5.Nc3 d6 6.Bg5 e6 7.Qd2 a6 8.O-O-O Bd7
9.f4 Be7 10.Be2 Qc7 11.Bf3 O-O-O 12.Nb3 b5 13.Rhe1 b4 14.Nd5 exd5 15.exd5 Nxd5
16.Qxd5 Bxg5 17.fxg5 Be8 18.Re4 Kb7 19.Rxb4+ Ka7 20.Rc4 Qe7 21.Qd2 Ne5 22.Qd4+
{#r} 1-0

[Event "Ch DDR"]
[Site "masterchessopen.com – DDR"]
[Round "0"]
[White "Nuenchert Eveline (GER)"]
[Black "Jahn Constanze (GER)"]
[Result "1-0"]
[WhiteElo "2121"]
[BlackElo "2139"]

1.e4 c5 2.Nf3 d6 3.d4 cxd4 4.Nxd4 Nf6 5.Nc3 Nc6 6.Bg5 e6 7.Qd2 a6 8.O-O-O Bd7
9.f4 Be7 10.Qe1 O-O 11.Nb3 Qc7 12.Bd3 Nb4 13.Kb1 b5 14.e5 dxe5 15.fxe5 Nfd5
16.Nxd5 Nxd5 17.Qh4 {#r} 1-0

[Event "Ch Europe (juniors)"]
[Site "masterchessopen.com – Groningen (Netherlands)"]
[Round "10"]
[White "Pantavos Panayotis"]
[Black "Corral Blanco Juan Antonio (ESP)"]
[Result "1-0"]
[WhiteElo "2260"]
[BlackElo "2436"]

1.e4 c5 2.Nf3 Nc6 3.d4 cxd4 4.Nxd4 Nf6 5.Nc3 d6 6.Bg5 e6 7.Qd2 a6 8.O-O-O Bd7
9.f4 Be7 10.Be2 Rc8 11.Bf3 Na5 12.Nb3 Nc4 13.Qd3 Qc7 14.Rhe1 b5 15.e5 dxe5
16.fxe5 Nd5 17.Bxe7 Nxe7 18.Ne4 Ng6 19.Nd6+ Nxd6 20.exd6 Qb6 21.Qd4 Qxd4
22.Rxd4 Rb8 23.Nc5 Rb6 24.a4 bxa4 25.c4 e5 26.Nd3 O-O 27.Nxe5 Nxe5 28.Rxe5
Rfb8 29.c5 Rc8 30.Kd1 f6 31.Re7 Rxc5 32.Rxd7 Rc8 33.Bd5+ Kh8 34.Be6 Rbb8
35.Rb7 {#r} 1-0

[Event "Ch Europe (juniors)"]
[Site "masterchessopen.com – Groningen (Netherlands)"]
[Round "11"]
[White "Pantavos Panayotis"]
[Black "Delaney John (IRL)"]
[Result "0-1"]
[WhiteElo "2260"]
[BlackElo "2205"]

1.e4 c5 2.Nf3 e6 3.d4 cxd4 4.Nxd4 Nf6 5.Nc3 d6 6.Bg5 Be7 7.Qd2 a6 8.O-O-O Bd7
9.f4 Nc6 10.Be2 b5 11.Bf3 Rc8 12.Rhe1 h6 13.Bxf6 gxf6 14.Kb1 h5 15.Nxc6 Bxc6
16.Qd4 Bd7 17.Rd2 Qc7 18.Nd5 exd5 19.exd5 Kd8 20.Rxe7 Kxe7 21.Re2+ Kf8 22.Qxf6
Rh7 23.Be4 Rg7 24.f5 Qc5 25.a3 Kg8 26.Qh6 f6 27.Qxf6 Rf8 28.Qh6 Qg1+ 29.Ka2
Qd4 30.Qxh5 Bxf5 31.c3 Qf6 32.Rf2 Rg5 33.Qf3 Qg6 34.g4 Qf6 35.Bxf5 Kf7 36.h4
Rg7 37.Qe3 Qe7 38.Be6+ Ke8 39.Re2 Kd8 40.Qb6+ Qc7 41.Qxa6 Qc4+ {#R} 0-1

[Event "Bundesliga 1980/81"]
[Site "masterchessopen.com – Hillerod (Denmark)"]
[Round "0"]
[White "Norgaard Jesper (DEN)"]
[Black "Lund Flemming"]
[Result "1-0"]
[WhiteElo "2408"]
[BlackElo "2200"]

1.e4 c5 2.Nf3 Nc6 3.d4 cxd4 4.Nxd4 Nf6 5.Nc3 d6 6.Bg5 e6 7.Qd2 a6 8.O-O-O Bd7
9.f4 Be7 10.Bxf6 Bxf6 11.Nxc6 Bxc6 12.Bd3 Qa5 13.Rhe1 O-O 14.Kb1 Qc5 15.Ne2
Rfc8 16.g4 Qb6 17.c3 Ba4 18.Rc1 Bb5 19.g5 Be7 20.h4 Bc4 21.Nd4 Qa5 22.Bxc4
Rxc4 23.f5 Qe5 24.Qe2 Rac8 25.fxe6 fxe6 26.Qg4 Kf7 27.Re2 Rxd4 28.cxd4 Rxc1+
29.Kxc1 Qxd4 30.Qf4+ Ke8 31.Qe3 Qc4+ 32.Kb1 a5 33.Re1 Qb4 34.Qc3 Qb5 35.Rd1
Qe2 36.Qd3 Qf2 37.Qb5+ Kd8 38.Qxb7 Qxh4 39.Rc1 Ke8 40.Qc8+ {#r} 1-0

[Event "Ch DDR (w)"]
[Site "masterchessopen.com – Plauen (Germany)"]
[Round "6"]
[White "Nuenchert Eveline (GER)"]
[Black "Jahn Constanze (GER)"]
[Result "1-0"]
[WhiteElo "2121"]
[BlackElo "2139"]

1.e4 c5 2.Nf3 Nc6 3.d4 cxd4 4.Nxd4 Nf6 5.Nc3 d6 6.Bg5 e6 7.Qd2 a6 8.O-O-O Bd7
9.f4 Be7 10.Qe1 O-O 11.Nb3 Qc7 12.Bd3 Nb4 13.Kb1 b5 14.e5 dxe5 15.fxe5 Nfd5
16.Nxd5 Nxd5 17.Qh4 {#r} 1-0

[Event "It"]
[Site "masterchessopen.com – Kladovo (Yugoslavia)"]
[Date "1980.04.14"]
[Round "5"]
[White "Cabrilo Goran (SRB)"]
[Black "Damljanovic Branko (SRB)"]
[Result "0-1"]
[WhiteElo "2454"]
[BlackElo "2607"]

1.e4 c5 2.Nf3 Nc6 3.d4 cxd4 4.Nxd4 Nf6 5.Nc3 d6 6.Bg5 e6 7.Qd2 a6 8.O-O-O Bd7
9.f4 Be7 10.Be2 h6 11.Bh4 Qc7 12.Nb3 b5 13.Bxf6 gxf6 14.Bh5 Rh7 15.Kb1 b4
16.Ne2 a5 17.Nbd4 Nxd4 18.Nxd4 Qc5 19.f5 e5 20.Ne6 Qb6 21.Rhe1 Rc8 22.Re3 Bc6
23.Bg6 fxg6 24.fxg6 Rh8 25.Ng7+ Kd7 26.Nf5 Bb7 27.g7 Rhg8 28.Qe2 Qc5 29.Rd2
Rce8 30.Rg3 Bxe4 31.Nxh6 f5 32.b3 Bf6 33.Nxg8 Rxg8 34.Rg6 Ke7 35.Qa6 Rxg7
36.Rxf6 Kxf6 37.Rxd6+ Ke7 38.Re6+ Kd7 {#R} 0-1

[Event "Ch Baden"]
[Site "masterchessopen.com – Baden (Germany)"]
[Round "0"]
[White "Sutterer Robert (GER)"]
[Black "Vogel Robert (GER)"]
[Result "0-1"]
[WhiteElo "2205"]
[BlackElo "2256"]

1.e4 c5 2.Nf3 Nc6 3.d4 cxd4 4.Nxd4 Nf6 5.Nc3 d6 6.Bg5 e6 7.Qd2 a6 8.O-O-O Bd7
9.f4 Be7 10.Be2 O-O 11.h4 Rc8 12.Nb3 Rc7 13.Kb1 b5 14.Bf3 b4 15.Ne2 a5 16.Nbd4
Qb8 17.g4 Rfc8 18.Rh2 a4 19.Rc1 Qb6 20.Nxc6 Bxc6 21.Ng3 b3 22.Ka1 bxc2 23.Qe1
Bb7 24.Qf2 Qb4 25.a3 Qb3 {#R} 0-1

[Event "Ch Pan-American (juniors) (under 20)"]
[Site "masterchessopen.com – Buenos Aires (Argentina)"]
[Round "4"]
[White "Macagno Sergio (ARG)"]
[Black "Abarca Aguirre Manuel (CHI)"]
[Result "0-1"]
[WhiteElo "2320"]
[BlackElo "2347"]

1.e4 c5 2.Nf3 d6 3.d4 cxd4 4.Nxd4 Nf6 5.Nc3 Nc6 6.Bg5 e6 7.Qd2 a6 8.f4 Bd7
9.O-O-O Be7 10.Be2 O-O 11.Nb3 Be8 12.Kb1 b5 13.Bxf6 gxf6 14.Bg4 Kh8 15.Qe3 Rg8
16.Qh3 b4 17.Ne2 a5 18.Nbd4 Qb6 19.Rhe1 a4 20.Nxc6 Bxc6 21.Nd4 Bb7 22.Bh5 Rg7
23.f5 e5 24.Nf3 Rc8 25.Rd2 b3 26.cxb3 axb3 27.axb3 d5 28.Red1 dxe4 29.Nh4 e3
30.Rd3 Be4 31.Be2 Qxb3 32.Qxe3 Qc2+ 33.Ka2 Bxd3 34.Rxd3 Ra8+ {#R} 0-1

[Event "?"]
[Site "masterchessopen.com – Katerini (Greece)"]
[Round "0"]
[White "Ghinda Mihail-Viorel (ROM)"]
[Black "Arduman Can (TUR)"]
[Result "1-0"]
[WhiteElo "2425"]
[BlackElo "2336"]

1.e4 c5 2.Nf3 Nc6 3.d4 cxd4 4.Nxd4 Nf6 5.Nc3 d6 6.Bg5 e6 7.Qd2 a6 8.O-O-O Bd7
9.f4 Be7 10.Be2 O-O 11.Nf3 Ne8 12.Bxe7 Nxe7 13.e5 d5 14.Bd3 Nc7 15.Qe2 Ng6
16.g3 Qe7 17.h4 Rfc8 18.Nd4 b5 19.Bxg6 fxg6 20.h5 Be8 21.Qd3 b4 22.Nce2 a5
23.g4 Na6 24.hxg6 Bxg6 25.f5 Qg5+ 26.Kb1 Bf7 27.Rdg1 Nc5 28.Qh3 h6 29.Nf3 Qe3
30.g5 Qxe2 31.gxh6 Ne4 32.hxg7 Qxc2+ 33.Ka1 Bg6 34.fxg6 {#r} 1-0

[Event "It (b)"]
[Site "masterchessopen.com – Buenos Aires (Argentina)"]
[Round "12"]
[White "Bronstein Luis (ARG)"]
[Black "Soppe Guillermo (ARG)"]
[Result "0-1"]
[WhiteElo "2415"]
[BlackElo "2275"]

1.e4 c5 2.Nf3 d6 3.d4 cxd4 4.Nxd4 Nf6 5.Nc3 Nc6 6.Bg5 e6 7.Qd2 a6 8.O-O-O Bd7
9.f4 Be7 10.Be2 Rc8 11.Nxc6 Bxc6 12.Qe3 Qc7 13.Kb1 b5 14.Bf3 h6 15.Bh4 b4
16.Ne2 e5 17.fxe5 dxe5 18.Bxf6 Bxf6 19.Bg4 Rb8 20.Qc5 Rb5 21.Qc4 O-O 22.Rhf1
Bd8 23.Rxd8 Rxd8 24.Rxf7 Qxf7 25.Be6 Be8 26.b3 Rb6 27.Bxf7+ Bxf7 28.Qc5 Rbd6
29.Qxb4 Rd1+ 30.Kb2 R1d2 31.Qb6 R8d6 32.Qb8+ Rd8 33.Qb6 R8d6 34.Qb4 Rd8 35.Qa5
R8d6 36.Qxe5 Re6 37.Qb8+ Re8 38.Qb6 Rxe2 39.Qxa6 R8xe4 40.a4 Kh7 41.a5 Bg6
42.Qb6 {#R} 0-1

[Event "corr."]
[Site "masterchessopen.com – Hungary"]
[Round "0"]
[White "Czegledi Laszlo (HUN)"]
[Black "Timar Zsolt (HUN)"]
[Result "0-1"]
[WhiteElo "2143"]
[BlackElo "2119"]

1.e4 c5 2.Nf3 Nc6 3.d4 cxd4 4.Nxd4 Nf6 5.Nc3 d6 6.Bg5 a6 7.Qd2 e6 8.O-O-O Bd7
9.f4 Be7 10.Kb1 Qc7 11.Bxf6 gxf6 12.Be2 h5 13.Nb3 Na7 14.f5 b5 15.a3 Nc8
16.fxe6 fxe6 17.g4 h4 18.Rhg1 Na7 19.g5 fxg5 20.Rxg5 O-O-O 21.Rd5 Bc6 22.Bg4
Bd7 23.h3 exd5 24.Nxd5 Bxg4 25.Nxc7 Bxd1 26.Nd5 Kb8 27.Qa5 Bxc2+ 28.Ka1 Rd7
29.Nb6 Rc7 30.Nd5 Rhc8 31.Nxc7 Rxc7 {#R} 0-1

[Event "Ch Sweden"]
[Site "masterchessopen.com – Sweden"]
[Round "0"]
[White "Olsson Tomas (SWE)"]
[Black "Schneider Lars-Ake (SWE)"]
[Result "0-1"]
[WhiteElo "2008"]
[BlackElo "2450"]

1.e4 c5 2.Nf3 Nc6 3.d4 cxd4 4.Nxd4 Nf6 5.Nc3 d6 6.Bg5 e6 7.Qd2 a6 8.O-O-O Bd7
9.f4 Be7 10.Nf3 b5 11.Bd3 Qc7 12.Rhg1 Rc8 13.Kb1 b4 14.Ne2 d5 15.exd5 Nxd5
16.Bxe7 Ncxe7 17.Rde1 Bb5 18.g3 O-O 19.Nc1 Rfd8 20.Ne5 Bxd3 21.Ncxd3 a5 22.Qf2
a4 23.Nc1 a3 24.b3 Nc3+ 25.Ka1 Nd1 {#R} 0-1

[Event "Bundesliga 1983/84"]
[Site "masterchessopen.com – Germany"]
[Round "0"]
[White "Ueter Heinz-Dieter (GER)"]
[Black "Reeh Oliver (GER)"]
[Result "0-1"]
[WhiteElo "2187"]
[BlackElo "2453"]

1.e4 c5 2.Nf3 Nc6 3.d4 cxd4 4.Nxd4 Nf6 5.Nc3 d6 6.Bg5 e6 7.Qd2 a6 8.O-O-O Bd7
9.f4 Be7 10.Nb3 b5 11.Bxf6 gxf6 12.f5 b4 13.Ne2 Qb6 14.Nf4 a5 15.Kb1 a4 16.Nc1
Na5 17.Be2 Rb8 18.fxe6 fxe6 19.Bh5+ Kd8 20.b3 a3 21.Nce2 Qc6 22.Nd4 Qc8 23.Rc1
Nc6 24.Nxc6+ Qxc6 25.Bg4 Qc5 26.Rhe1 Qe5 27.c3 Bf8 28.Nd3 bxc3 29.Qxc3 Qxc3
30.Rxc3 Rg8 31.Bh3 Bh6 32.Rd1 Ke7 33.b4 Ba4 34.Rf1 Rgc8 35.Rxa3 Bc2+ 36.Ka1
Be3 {#R} 0-1

[Event "Ch Israel"]
[Site "masterchessopen.com – Israel"]
[Round "0"]
[White "Murey Jacob (ISR)"]
[Black "Shterenberg Pavel (ISR)"]
[Result "1-0"]
[WhiteElo "2435"]
[BlackElo "2335"]

1.e4 c5 2.Nf3 d6 3.d4 cxd4 4.Nxd4 Nf6 5.Nc3 Nc6 6.Bg5 e6 7.Qd2 a6 8.O-O-O Bd7
9.f4 Be7 10.Nf3 b5 11.e5 b4 12.exf6 bxc3 13.Qxc3 gxf6 14.Bh4 d5 15.Kb1 Rg8
16.Bd3 h6 17.a3 Na5 18.f5 Rc8 19.Qd2 e5 20.Nxe5 fxe5 21.Bxe7 Kxe7 22.Bxa6 Ra8
23.Qb4+ Ke8 24.Rxd5 Nc6 25.Qc4 Qf6 26.Bb5 {#r} 1-0

[Event "It"]
[Site "masterchessopen.com – Quebec (Canada)"]
[Round "2"]
[White "Williams Leo (CAN)"]
[Black "Kopec Danny (USA)"]
[Result "0-1"]
[WhiteElo "2240"]
[BlackElo "2390"]

1.e4 c5 2.Nf3 Nc6 3.d4 cxd4 4.Nxd4 Nf6 5.Nc3 d6 6.Bg5 e6 7.Qd2 a6 8.O-O-O Be7
9.f4 Bd7 10.Nxc6 Bxc6 11.Qe1 Qa5 12.Kb1 h6 13.Bxf6 gxf6 14.f5 Qe5 15.Bd3 O-O-O
16.Rd2 Rdg8 17.Re2 Bd8 18.Nd1 Bb6 19.Rf1 Qxh2 20.fxe6 fxe6 21.Rxf6 Rxg2
22.Rxg2 Qxg2 23.Rxe6 Qg1 24.Qxg1 Bxg1 25.Rxd6 Bc5 26.Rg6 h5 27.e5 h4 28.Bf5+
Kd8 29.Bh3 Rf8 30.Rg4 Bf3 31.Rc4 Bb6 32.Kc1 Bc7 33.Rxh4 Bxe5 34.c3 Bf6 35.Rc4
Ke7 36.Kc2 Rh8 37.Nf2 Bd5 38.Rc7+ Kd6 39.Rd7+ Kc6 40.c4 Bxc4 41.Rd2 Bg5 42.Rd4
b5 43.Bg2+ {#R} 0-1

[Event "It"]
[Site "masterchessopen.com – Rio de Janeiro (Brazil)"]
[Round "-53"]
[White "Toth Pal (HUN)"]
[Black "Ioseliani Nana (GEO)"]
[Result "0-1"]
[WhiteElo "1999"]
[BlackElo "2475"]

1.e4 c5 2.Nf3 Nc6 3.d4 cxd4 4.Nxd4 Nf6 5.Nc3 d6 6.Bg5 e6 7.Qd2 a6 8.O-O-O Bd7
9.f4 Be7 10.Nb3 b5 11.Bd3 h6 12.Bxf6 Bxf6 13.Kb1 b4 14.Ne2 Qb6 15.f5 a5 16.Nf4
a4 17.fxe6 fxe6 18.Be2 axb3 19.Bh5+ Kd8 20.Nxe6+ Kc8 21.Qxd6 bxc2+ 22.Kxc2 b3+
23.Kc1 Ra7 24.a3 Qe3+ 25.Rd2 Qxe4 26.Re2 Qc4+ 27.Kb1 Be7 28.Qd1 Bxe6 29.Rxe6
Qc2+ 30.Qxc2 bxc2+ 31.Ka2 Nd4 {#R} 0-1

[Event "?"]
[Site "masterchessopen.com – Trinec (Czech Republic)"]
[Round "0"]
[White "Damjanovic Mato (CRO)"]
[Black "Tischbierek Raj (GER)"]
[Result "1-0"]
[WhiteElo "2303"]
[BlackElo "2465"]

1.e4 c5 2.Nf3 Nc6 3.d4 cxd4 4.Nxd4 Nf6 5.Nc3 d6 6.Bg5 e6 7.Qd2 a6 8.O-O-O Bd7
9.f4 Be7 10.Nf3 b5 11.e5 b4 12.exf6 bxc3 13.Qxc3 gxf6 14.f5 d5 15.fxe6 fxe6
16.Bd2 Rc8 17.Qe3 e5 18.Bxa6 Ra8 19.Bb7 d4 20.Qh6 Rxa2 21.Qh5+ Kf8 22.Bh6+ Kg8
23.Bxc6 Qa5 24.c3 Rxb2 25.Bd5+ Qxd5 26.Rxd4 Rb1+ 27.Kxb1 Qb3+ 28.Kc1 Qxc3+
29.Kd1 Qb3+ 30.Ke2 exd4 31.Rb1 Qa2+ 32.Nd2 Bd6 33.Rb3 Qa8 34.Kf2 Qc8 35.Qd5+
Be6 36.Qxd6 Bxb3 37.Qxf6 Qf5+ 38.Qxf5 Bf7 39.Qf6 {#r} 1-0

[Event "Ch Nordic"]
[Site "masterchessopen.com – Torshavn (Faroe Islands)"]
[Round "0"]
[White "Ziska Bogi (FAI)"]
[Black "Schneider Lars-Ake (SWE)"]
[Result "0-1"]
[WhiteElo "2202"]
[BlackElo "2364"]

1.e4 c5 2.Nf3 Nc6 3.d4 cxd4 4.Nxd4 Nf6 5.Nc3 d6 6.Bg5 e6 7.Qd2 a6 8.O-O-O Bd7
9.f4 Be7 10.Nf3 b5 11.Bd3 Qc7 12.Rhe1 b4 13.Ne2 O-O 14.Kb1 Rfd8 15.Ng3 a5
16.e5 Nd5 17.Bxe7 Ncxe7 18.Ne4 dxe5 19.fxe5 Ng6 20.Qg5 a4 21.h4 a3 22.b3 Nc3+
23.Nxc3 Qxc3 24.Qc1 Bc6 25.Bxg6 hxg6 26.Rxd8+ Rxd8 27.Re3 Qc5 28.Qe1 Bxf3
29.Rxf3 Qxe5 {#R} 0-1